Design guide to the 1997 uniform building code (Record no. 542530)
[ view plain ]
| 000 -LEADER | |
|---|---|
| fixed length control field | 00410nam a22001337a 4500 |
| 020 ## - INTERNATIONAL STANDARD BOOK NUMBER | |
| International Standard Book Number | 0471236411 |
| 082 ## - DEWEY DECIMAL CLASSIFICATION NUMBER | |
| Classification number | 343.07869 |
| Author Mark | Con |
| -- | L-NUST, p-22 |
| 245 ## - TITLE STATEMENT | |
| Title | Design guide to the 1997 uniform building code |
| Remainder of title | Conrad R.T |
| 260 ## - PUBLICATION, DISTRIBUTION, ETC. | |
| Place of publication, distribution, etc. | New York |
| Name of publisher, distributor, etc. | John Wiley & Sons, Inc |
| Date of publication, distribution, etc. | 1998 |
| 300 ## - PHYSICAL DESCRIPTION | |
| Extent | ix, 483 p. : |
| Other physical details | ill, ; |
| Dimensions | 22 cm. |
| Accompanying material | NUST |
| 526 ## - STUDY PROGRAM INFORMATION NOTE | |
| Program name | 0 |
| Interest level | 0 |
| Reading level | 0 |
| Title point value | 343_078690000000000_CON |
| 650 ## - SUBJECT ADDED ENTRY--TOPICAL TERM | |
| Topical term or geographic name entry element | NUST |
| 9 (RLIN) | 6342 |
| 942 ## - ADDED ENTRY ELEMENTS (KOHA) | |
| Source of classification or shelving scheme | |
| Koha item type | Book |
| Withdrawn status | Lost status | Source of classification or shelving scheme | Damaged status | Not for loan | Permanent Location | Current Location | Date acquired | Total Checkouts | Full call number | Barcode | Date last seen | Price effective from | Koha item type |
|---|---|---|---|---|---|---|---|---|---|---|---|---|---|
| Military College of Engineering (MCE) | Military College of Engineering (MCE) | 01/08/2014 | 343.07869 Con | MCE-44142 | 01/08/2014 | 01/08/2014 | Book |
